Meditations : (Record no. 2262)

MARC details
000 -LEADER
fixed length control field 00544nam a2200181 a 4500
003 - CONTROL NUMBER IDENTIFIER
control field BD-DhJNU
005 - DATE AND TIME OF LATEST TRANSACTION
control field 20251014073949.0
008 - FIXED-LENGTH DATA ELEMENTS--GENERAL INFORMATION
fixed length control field 241227s9999 xx 000 0 und d
040 ## - CATALOGING SOURCE
Original cataloging agency BD-DhJNU
Language of cataloging ENG
Transcribing agency BD-DhJNU
Modifying agency BD-DhJNU
020 ## - INTERNATIONAL STANDARD BOOK NUMBER
International Standard Book Number 9780143456841
082 ## - DEWEY DECIMAL CLASSIFICATION NUMBER
Classification number 158.12 AUM
Edition number 23
100 ## - MAIN ENTRY--PERSONAL NAME
Personal name Aurelius, Marcus
245 10 - TITLE STATEMENT
Title Meditations :
Remainder of title ancient wisdom to master your mind and win at life /
Statement of responsibility, etc. Marcus Aurelius
260 ## - PUBLICATION, DISTRIBUTION, ETC.
Place of publication, distribution, etc. England :
Name of publisher, distributor, etc. Penguin Books,
Date of publication, distribution, etc. 2016
300 ## - PHYSICAL DESCRIPTION
Extent v, 180 :
Other physical details ill. ;
Dimensions 20 cm.
650 ## - SUBJECT ADDED ENTRY--TOPICAL TERM
Topical term or geographic name entry element Applied psychology
942 ## - ADDED ENTRY ELEMENTS (KOHA)
Koha item type Books
Holdings
Withdrawn status Lost status Source of classification or shelving scheme Damaged status Not for loan Collection Home library Current library Shelving location Date acquired Source of acquisition Total checkouts Full call number Barcode Date last seen Copy number Price effective from Koha item type
    Dewey Decimal Classification     Non-fiction Jagannath University Central Library Jagannath University Central Library General stacks 10/14/2025 Purchased   158.12 AUM JNUCL35801 10/14/2025 1 10/14/2025 Books